| 000 | 01100cam a2200349Ka 4500 | ||
|---|---|---|---|
| 001 | ocm40398137 | ||
| 003 | TZ-ArACH | ||
| 005 | 20130703154513.0 | ||
| 008 | 981125s1998 fr 000 0 fre d | ||
| 020 |
_a2842001605 : _cFF. 79 |
||
| 020 | _a9782842001605 | ||
| 035 | _a(OCoLC)40398137 | ||
| 040 |
_aFCI _bfre _cTZ-ArACH _dMUQ _dCHRRO _dUQ1 |
||
| 041 | _aFre | ||
| 049 | _aTZAA | ||
| 050 | 1 | 4 |
_aKZ6471 _bD49 |
| 082 | 4 | _a341.67 | |
| 100 | 1 |
_aDeyra, Michel _911604 |
|
| 245 | 1 | 0 |
_aDroit international humanitaire / _cMichel Deyra. |
| 260 |
_aParis : _bGualino, _c1998. |
||
| 300 |
_a151 p. ; _c22 cm. |
||
| 490 | 0 | _aLes carreĢs Sup. | |
| 504 | _aBibliogr. : Pp. 149-151. | ||
| 650 | 7 |
_aDroit humanitaire. _911605 |
|
| 650 | 6 |
_aDroit international humanitaire. _911606 |
|
| 650 | 7 |
_aDroit humanitaire. _911607 |
|
| 650 | 7 |
_aDroit international. _911608 |
|
| 650 | 1 | 7 |
_aDroit international humanitaire. _911609 |
| 650 | 7 |
_aDroits de l'homme. _911610 |
|
| 942 |
_2lcc _cBOOK |
||
| 999 |
_c2466 _d2466 |
||